Japanese-American personality and acculturation.

Bibliographic Details
Main Author: Caudill, William A.
Format: Book
Language:English
Published: Provincetown, Mass. : Journal Press, 1952.
Series:Genetic psychology monographs, v. 45, no. 1
Subjects:

MARC

Tag First Indicator Second Indicator Subfields
LEADER 00000cam a2200000 4500
001 in00000057517
005 20151007082155.0
008 750815s1952 eng u
010 |a  52010648  
035 |a (OCoLC)01548589 
035 |9 AAF7482AM 
040 |c DRB  |d TXA  |d UtOrBLW 
049 |a TXAM  |c [257414] 
050 0 0 |a LB1101  |b .G4 v.45, no.1 
092 |a 325.252  |b C371j 
100 1 |a Caudill, William A. 
245 1 0 |a Japanese-American personality and acculturation. 
264 1 |a Provincetown, Mass. :  |b Journal Press,  |c 1952. 
300 |a 102 pages :  |b illustrations ;  |c 25 cm. 
336 |a text  |b txt  |2 rdacontent 
337 |a unmediated  |b n  |2 rdamedia 
338 |a volume  |b nc  |2 rdacarrier 
490 0 |a Genetic psychology monographs, v. 45, no. 1 
500 |a Abridgment of thesis--University of Chicago. 
504 |a Bibliography: pages 99-102. 
650 0 |a Japanese  |z United States. 
999 |a MARS 
999 f f |s 612a57ea-d3a8-3b73-a9ee-14075cccda94  |i f6c8c240-cfa8-3f04-b423-af69dc44f14e  |t 0 
952 f f |p normal  |a Texas A&M University  |b College Station  |c Sterling C. Evans Library  |d Evans: Library Stacks  |t 0  |e LB1101 .G4 v.45, no.1  |h Library of Congress classification  |i unmediated -- volume  |m A14800669039 
998 f f |a LB1101 .G4 v.45, no.1  |t 0  |l Evans: Library Stacks